• 首页
  • 本馆介绍
  • 公告通知
  • 最新文献
  • 馆藏检索
  • 电子资源
  • 读者导购
  • 参考咨询
  • 我的图书馆
  • 登录
  • 详细信息显示
  • 放入我的书架
  • 预约/预借图书
  • 作者相关作品
  • 分类相关作品
  • 丛书相关作品
  • 出版社相关作品

书目信息

  • 表格格式
  • 工作单格式
  • 卡片格式
题名:
农村基本公共服务财政保障机制与政策研究
    
 
作者: 肖建华 著
分册:  
出版信息: 北京   经济科学出版社  2013
页数: 255页
开本: 21cm
丛书名:
单 册:
中图分类: D669.3 , F812.8
科图分类:
主题词: 农村--社会服务--财政管理体制--研究--中国 , 农村 , 社会服务 , 财政管理体制
电子资源:
ISBN: 978-7-5141-4041-5
000 01115nam0 2200289 450
001 519
005 20140905101025.84
010    @a978-7-5141-4041-5@dCNY35.00
100    @a20140117d2013 em y0chiy50 ea
101 0  @achi
102    @aCN@b110000
105    @ay z 000yy
106    @ar
200 1  @a农村基本公共服务财政保障机制与政策研究@ANong Cun Ji Ben Gong Gong Fu Wu Cai Zheng Bao Zhang Ji Zhi Yu Zheng Ce Yan Jiu@f肖建华著@FXiao Jian Hua Zhu
210    @a北京@c经济科学出版社@d2013
215    @a255页@d21cm
300    @a国家社会科学基金青年项目资助
330    @a本书对农村基本公共服务保障机制进行了深入研究,内容涉及农村基本公共服务财政保障机制的理论阐述、农村基本公共服务的财政收入保障机制的实证分析、农村基本公共服务的财政投入决策保障机制的实证分析、农村基本公共服务的财政体制保障机制的实证分析等。
606 0  @a农村@x社会服务@x财政管理体制@x研究@y中国
606 0  @a农村
606 0  @a社会服务
606 0  @a财政管理体制
690    @aD669.3@v5
690    @aF812.8@v5
701  0 @a肖建华@AXiao Jian Hua@f(1972~)@4著
801  0 @aCN@bTANGWEI@c20140603
905    @b0838927-29@dD669.3@e146@f3
    
    农村基本公共服务财政保障机制与政策研究/肖建华著.-北京:经济科学出版社,2013
    255页;21cm
    国家社会科学基金青年项目资助
    
    ISBN 978-7-5141-4041-5:CNY35.00
    本书对农村基本公共服务保障机制进行了深入研究,内容涉及农村基本公共服务财政保障机制的理论阐述、农村基本公共服务的财政收入保障机制的实证分析、农村基本公共服务的财政投入决策保障机制的实证分析、农村基本公共服务的财政体制保障机制的实证分析等。
●
相关链接 在E读中查询图书 在五车中查询图书 在当当中查询图书 在豆瓣中查询图书


正题名:农村基本公共服务财政保障机制与政策研究     索取号:D669.3/146         预约/预借

序号 登录号 条形码 馆藏地/架位号 状态 备注
1 0838927   208389279   第一样本阅览室/ [索取号:D669.3/146] 在馆    
2 0838928   208389288   密集书库-史法系/ [索取号:D669.3/146] 在馆    
3 0838929   208389297   第一借阅区/ [索取号:D669.3/146] 在馆    
唐山师范学院图书馆 欢迎您!
大连网信软件有限公司© 版权所有